[Event "31st Bosna it"]
[Site "Sarajevo BIH"]
[Date "2001.05.13"]
[EventDate "2001.05.13"]
[Round "1"]
[Result "1-0"]
[White "Georgiev, Kiril"]
[Black "Sokolov, Ivan"]
[WhiteElo "2676"]
[BlackElo "2659"]
[PlyCount "81"]

1. c4 e5 2. g3 Nc6 3. Bg2 g6 4. Nc3 Bg7 5. Rb1 f5 6. b4 a6 7. a4 Nf6 8. b5 axb5 9. axb5 Ne7 10. Qb3 d6 11. d3 O-O 12. Nf3 Kh8 13. O-O Nfg8 14. Bb2 f4 15. Ra1 Rb8 16. d4 fxg3 17. hxg3 exd4 18. Nd5 c5 19. bxc6 Nxc6 20. Rfd1 Be6 21. Nf4 Bf7 22. Nxd4 Qf6 23. Nxc6 Qxb2 24. Qxb2 Bxb2 25. Nxb8 Bxa1 26. Nd7 Rd8 27. Nc5 Be5 28. Nxb7 Re8 29. Nd5 Nh6 30. e3 Rb8 31. Nb6 Nf5 32. Nd7 Rc8 33. g4 Nh4 34. Nxe5 dxe5 35. Nd6 Rc7 36. Nxf7+ Rxf7 37. Rd8+ Kg7 38. Bd5 Re7 39. c5 h5 40. gxh5 gxh5 41. c6 1-0

[Event "31st Bosna it"]
[Site "Sarajevo BIH"]
[Date "2001.05.13"]
[EventDate "2001.05.13"]
[Round "1"]
[Result "1-0"]
[White "Kozul, Zdenko"]
[Black "Atalik, Suat"]
[WhiteElo "2595"]
[BlackElo "2537"]
[PlyCount "83"]

1. d4 d5 2. c4 c6 3. e3 Bf5 4. Nc3 e6 5. g4 Bg6 6. h4 h5 7. g5 Nd7 8. Nge2 Bd6 9. Qb3 Ne7 10. Bg2 Qa5 11. Bd2 Qa6 12. cxd5 cxd5 13. Nb5 Bb8 14. a4 O-O 15. Bb4 Re8 16. Bxe7 Rxe7 17. O-O Qa5 18. Rfc1 Re8 19. Qc3 Qb6 20. Bf3 Nf8 21. Qc5 Qa6 22. Rc3 Nd7 23. Qb4 Nb6 24. b3 Nc8 25. Nc7 Bxc7 26. Rxc7 Nd6 27. Nf4 Nf5 28. Be2 Qd6 29. Qxd6 Nxd6 30. Rac1 Rad8 31. Kh2 Nf5 32. Kh3 e5 33. dxe5 Rxe5 34. R1c5 Rde8 35. Bb5 R8e7 36. Rc8+ Kh7 37. Nxd5 R7e6 38. Nf4 Rxc5 39. Rxc5 Re7 40. Rd5 Rc7 41. Nxg6 fxg6 42. Bc4 1-0

[Event "31st Bosna it"]
[Site "Sarajevo BIH"]
[Date "2001.05.14"]
[EventDate "2001.05.13"]
[Round "2"]
[Result "0-1"]
[White "Movsesian, Sergei"]
[Black "Georgiev, Kiril"]
[WhiteElo "2661"]
[BlackElo "2676"]
[PlyCount "106"]

1. e4 c5 2. Nf3 d6 3. d4 cxd4 4. Nxd4 Nf6 5. Nc3 e6 6. Be2 a6 7. O-O Be7 8. f4 Qc7 9. a4 Nc6 10. Be3 O-O 11. Kh1 Re8 12. Bg1 Rb8 13. Qd3 Nxd4 14. Bxd4 e5 15. Ba7 Ra8 16. Bg1 exf4 17. Rxf4 d5 18. Raf1 dxe4 19. Nxe4 Nxe4 20. Rxe4 Be6 21. Bd4 Rad8 22. c3 Bc5 23. Bf3 Bxd4 24. Rxd4 Rxd4 25. Qxd4 Bc4 26. Ra1 b6 27. h3 g6 28. Rd1 b5 29. axb5 axb5 30. Ra1 h5 31. Qd2 Qe5 32. Ra8 Rxa8 33. Bxa8 Kg7 34. Bf3 h4 35. Kg1 g5 36. Kf2 Qg3+ 37. Kg1 Qe5 38. Kf2 Kg6 39. Qe3 Kf6 40. Qxe5+ Kxe5 41. g3 hxg3+ 42. Kxg3 f5 43. h4 gxh4+ 44. Kxh4 Kf4 45. Bc6 Ke3 46. b3 Be2 47. c4 b4 48. c5 f4 49. Bd7 f3 50. c6 f2 51. c7 f1=Q 52. c8=Q Qf4+ 53. Bg4 Qxg4+ 0-1

[Event "31st Bosna it"]
[Site "Sarajevo BIH"]
[Date "2001.05.15"]
[EventDate "2001.05.13"]
[Round "3"]
[Result "1/2-1/2"]
[White "Sokolov, Ivan"]
[Black "Movsesian, Sergei"]
[WhiteElo "2659"]
[BlackElo "2661"]
[PlyCount "46"]

1. d4 Nf6 2. c4 c6 3. Nf3 d5 4. Nc3 a6 5. a4 e6 6. Bg5 Nbd7 7. cxd5 exd5 8. e3 a5 9. Bd3 Be7 10. Qc2 O-O 11. h3 Re8 12. O-O Nf8 13. Rae1 Be6 14. Ne5 N6d7 15. Bxe7 Rxe7 16. f4 f6 17. Nf3 Qb6 18. Re2 Rae8 19. Rfe1 Qb4 20. Na2 Qd6 21. Qd2 Qc7 22. Nc3 Nb6 23. Qc2 Nc8 1/2-1/2

[Event "31st Bosna it"]
[Site "Sarajevo BIH"]
[Date "2001.05.16"]
[EventDate "2001.05.13"]
[Round "4"]
[Result "0-1"]
[White "Atalik, Suat"]
[Black "Sokolov, Ivan"]
[WhiteElo "2537"]
[BlackElo "2659"]
[PlyCount "91"]

1. d4 d5 2. c4 c6 3. Nf3 Nf6 4. Nc3 dxc4 5. a4 Bf5 6. Ne5 Nbd7 7. Nxc4 Nb6 8. Ne5 a5 9. f3 Nfd7 10. Nxd7 Nxd7 11. e4 Bg6 12. Be3 Qb6 13. Qd2 e5 14. h4 exd4 15. Bxd4 Bc5 16. O-O-O O-O-O 17. g3 f6 18. Bh3 Bxd4 19. Qxd4 Qxd4 20. Rxd4 Kc7 21. Rxd7+ Rxd7 22. Bxd7 Kxd7 23. h5 Bf7 24. h6 g6 25. Kc2 Ke7 26. e5 g5 27. exf6+ Kxf6 28. Rd1 Bg6+ 29. Kb3 Ke7 30. f4 gxf4 31. gxf4 Rf8 32. Rf1 Rf6 33. Kc4 b6 34. Kd4 Rd6+ 35. Ke5 Re6+ 36. Kd4 Kf6 37. Rf2 Rd6+ 38. Ke3 Rd3+ 39. Ke2 Rh3 40. Kf1 Rxh6 41. Rd2 Ke7 42. Ne2 Be4 43. Kf2 Rh2+ 44. Ke3 Bd5 45. Rd1 Rh3+ 46. Kd4 0-1

[Event "31st Bosna it"]
[Site "Sarajevo BIH"]
[Date "2001.05.16"]
[EventDate "2001.05.13"]
[Round "4"]
[Result "1-0"]
[White "Dizdarevic, Emir"]
[Black "Kozul, Zdenko"]
[WhiteElo "2501"]
[BlackElo "2595"]
[PlyCount "113"]

1. Nf3 d5 2. e3 e6 3. c4 Nf6 4. d4 Be7 5. Nc3 O-O 6. Bd3 dxc4 7. Bxc4 c5 8. O-O cxd4 9. exd4 a6 10. Ne5 b5 11. Qf3 Ra7 12. Bb3 Bb7 13. Qh3 b4 14. Nxf7 Kxf7 15. Qxe6+ Ke8 16. Ba4+ Nbd7 17. d5 bxc3 18. d6 Bd5 19. Qe3 Kf7 20. dxe7 Qxe7 21. Qxa7 Qe4 22. f3 Qxa4 23. bxc3 Rc8 24. Re1 Rxc3 25. Be3 Rc2 26. Qd4 Qa5 27. a3 Nc5 28. Rab1 Qxa3 29. Ra1 Qd3 30. Qxd3 Nxd3 31. Red1 Bc4 32. Rd2 Rc3 33. Bd4 Rb3 34. Rc2 Bb5 35. Rc7+ Kg6 36. Rd1 h5 37. Ra7 h4 38. h3 Nh5 39. Kh2 Rb4 40. Bc3 Rc4 41. Rxd3 Rc6 42. Re3 Kh6 43. Rae7 Ng3 44. R3e6+ Rxe6 45. Rxe6+ Kh7 46. Be1 Nf5 47. Re4 Kg6 48. Bxh4 Nxh4 49. Rxh4 a5 50. Rh8 a4 51. Kg3 Bc6 52. Rc8 Bd5 53. Rc5 Bb3 54. Ra5 Kf6 55. Kf4 Ke6 56. Ke3 Kf6 57. h4 1-0

[Event "31st Bosna it"]
[Site "Sarajevo BIH"]
[Date "2001.05.17"]
[EventDate "2001.05.13"]
[Round "5"]
[Result "1-0"]
[White "Kozul, Zdenko"]
[Black "Kurajica, Bojan"]
[WhiteElo "2595"]
[BlackElo "2567"]
[PlyCount "129"]

1. d4 Nf6 2. c4 e6 3. g3 d5 4. Bg2 dxc4 5. Nf3 c5 6. O-O Nc6 7. Qa4 Bd7 8. Qxc4 b5 9. Qd3 Qb6 10. Nc3 Nb4 11. Qb1 cxd4 12. Nxd4 Rc8 13. Nb3 Be7 14. Be3 Qb8 15. a3 Nbd5 16. Nxd5 Nxd5 17. Bxd5 exd5 18. Rc1 Rc4 19. Qd3 Qc7 20. Qxd5 O-O 21. Rxc4 bxc4 22. Nc5 Bh3 23. Qxc4 Bxc5 24. Bxc5 Qb7 25. f3 Qxb2 26. Qa2 Qxa2 27. Rxa2 Ra8 28. g4 h5 29. gxh5 a6 30. Kf2 Rd8 31. Be3 Be6 32. Ra1 Kh7 33. Rg1 Rd5 34. h6 gxh6 35. Bf4 Ra5 36. Bd6 Rg5 37. Rc1 a5 38. e4 Rg8 39. f4 Rc8 40. Rg1 f5 41. Be5 Rg8 42. Rb1 fxe4 43. Rb6 Bf5 44. Rf6 Bh3 45. Ke3 Rg6 46. Rf7+ Kg8 47. Ra7 Rg2 48. Rxa5 h5 49. Bd4 Rxh2 50. Rxh5 Re2+ 51. Kxe2 Bg4+ 52. Kd2 Bxh5 53. a4 Kf7 54. a5 e3+ 55. Kxe3 Ke6 56. a6 Be8 57. a7 Bc6 58. Bc3 Kf5 59. Bd2 Ba8 60. Kd4 Ke6 61. Kc5 Be4 62. Kb6 Kd7 63. Bc3 Bf3 64. f5 Kd6 65. Bg7 1-0

[Event "31st Bosna it"]
[Site "Sarajevo BIH"]
[Date "2001.05.17"]
[EventDate "2001.05.13"]
[Round "5"]
[Result "1/2-1/2"]
[White "Topalov, Veselin"]
[Black "Dizdarevic, Emir"]
[WhiteElo "2707"]
[BlackElo "2501"]
[PlyCount "74"]

1. e4 c6 2. d4 d5 3. Nd2 g6 4. c3 Bg7 5. Ngf3 Nd7 6. h3 e6 7. Bd3 Ne7 8. O-O O-O 9. Re1 c5 10. exd5 Nxd5 11. Ne4 cxd4 12. Nxd4 Ne5 13. Bf1 h6 14. Bd2 Qb6 15. Nb3 Qc7 16. Qc1 f5 17. Nec5 b6 18. Na6 Bxa6 19. Bxa6 g5 20. Nd4 Qf7 21. f4 gxf4 22. Bxf4 Nxf4 23. Qxf4 Ng6 24. Qd6 Rad8 25. Qxe6 Bxd4+ 26. cxd4 Rxd4 27. Rac1 Kh7 28. Qxf7+ Rxf7 29. Rc2 h5 30. Bc4 Rf6 31. Bb5 Kh6 32. Re8 Rfd6 33. Rf2 Rd2 34. Rxf5 Rxb2 35. Be2 h4 36. a4 Rb4 37. Rg8 Nf4 1/2-1/2

[Event "31st Bosna it"]
[Site "Sarajevo BIH"]
[Date "2001.05.19"]
[EventDate "2001.05.13"]
[Round "6"]
[Result "1/2-1/2"]
[White "Dizdarevic, Emir"]
[Black "Georgiev, Kiril"]
[WhiteElo "2501"]
[BlackElo "2676"]
[PlyCount "43"]

1. Nf3 Nf6 2. b3 d5 3. e3 g6 4. Bb2 Bg7 5. c4 O-O 6. cxd5 Qxd5 7. Nc3 Qd8 8. Be2 c5 9. Na4 b6 10. d4 cxd4 11. Nxd4 Bb7 12. O-O Nc6 13. Nxc6 Bxc6 14. Rc1 Bb7 15. Be5 Rc8 16. Nc3 Rc5 17. Qxd8 Rxd8 18. Bd4 Rg5 19. g3 e5 20. f4 exf4 21. exf4 Ra5 22. Rfd1 1/2-1/2

[Event "31st Bosna it"]
[Site "Sarajevo BIH"]
[Date "2001.05.19"]
[EventDate "2001.05.13"]
[Round "6"]
[Result "1/2-1/2"]
[White "Kurajica, Bojan"]
[Black "Atalik, Suat"]
[WhiteElo "2567"]
[BlackElo "2537"]
[PlyCount "107"]

1. Nf3 Nf6 2. g3 g6 3. b3 Bg7 4. Bb2 c5 5. c4 b6 6. Bg2 Bb7 7. O-O O-O 8. e3 d5 9. cxd5 Nxd5 10. Bxg7 Kxg7 11. d4 Na6 12. Qe2 cxd4 13. Nxd4 e5 14. Nb5 Qe7 15. Rd1 Rfd8 16. Nd2 Nac7 17. Nxc7 Qxc7 18. Rac1 Qe7 19. Nc4 f6 20. Rd2 Rd7 21. Bh3 Rdd8 22. e4 Nb4 23. Rcd1 Rxd2 24. Qxd2 Rf8 25. Nd6 Nc6 26. f4 Ba8 27. fxe5 fxe5 28. Nc4 b5 29. Ne3 Nd4 30. Bg2 Qc5 31. b4 Qb6 32. Kh1 h5 33. Nc2 Rd8 34. Qg5 Qf6 35. Qd2 Bc6 36. Rf1 Qe7 37. Qc3 Nxc2 38. Qxc2 Bb7 39. a3 Rd4 40. Qe2 a6 41. h4 Qd6 42. Qf2 Qe7 43. Kh2 Bc6 44. Rc1 Qd6 45. Qe3 Rc4 46. Qa7+ Qd7 47. Qe3 Qd4 48. Qg5 Rxc1 49. Qxc1 Bxe4 50. Qc7+ Kf6 51. Bxe4 Qxe4 52. Qd6+ Kf7 53. Qd7+ Kf6 54. Qd6+ 1/2-1/2

[Event "31st Bosna it"]
[Site "Sarajevo BIH"]
[Date "2001.05.20"]
[EventDate "2001.05.13"]
[Round "7"]
[Result "1-0"]
[White "Georgiev, Kiril"]
[Black "Kozul, Zdenko"]
[WhiteElo "2676"]
[BlackElo "2595"]
[PlyCount "79"]

1. e4 c5 2. Nf3 d6 3. d4 cxd4 4. Nxd4 Nf6 5. Nc3 Nc6 6. Be2 e5 7. Nf3 h6 8. O-O Be7 9. Re1 O-O 10. h3 Be6 11. Bf1 Nb8 12. b3 a6 13. a4 Qc7 14. Bb2 Nc6 15. Qd2 Rac8 16. a5 Nxa5 17. Nd5 Bxd5 18. exd5 Bd8 19. Bd3 b5 20. Ra2 e4 21. Bxf6 Bxf6 22. Rxe4 Bc3 23. Qf4 Rfe8 24. b4 Nc4 25. Rxa6 Bxb4 26. Rc6 Qb7 27. Nd4 Ra8 28. Nf5 Bc3 29. Bxc4 Rxe4 30. Qxe4 bxc4 31. Nxd6 Qb1+ 32. Kh2 Qf1 33. Qf5 Rf8 34. Rc8 Rxc8 35. Qxc8+ Kh7 36. Qf5+ Kh8 37. Nxf7+ Kg8 38. d6 Qd1 39. d7 Bf6 40. Qxf6 1-0

[Event "31st Bosna it"]
[Site "Sarajevo BIH"]
[Date "2001.05.21"]
[EventDate "2001.05.13"]
[Round "8"]
[Result "1/2-1/2"]
[White "Dizdarevic, Emir"]
[Black "Movsesian, Sergei"]
[WhiteElo "2501"]
[BlackElo "2661"]
[PlyCount "36"]

1. Nf3 Nf6 2. g3 d5 3. Bg2 c6 4. O-O Bf5 5. d3 h6 6. c4 Nbd7 7. cxd5 cxd5 8. Nc3 e6 9. Re1 Bh7 10. Bf4 Bc5 11. Na4 Bb4 12. Bd2 Bd6 13. Qb3 Qb8 14. Bb4 O-O 15. Rac1 Bxb4 16. Qxb4 b5 17. Nc5 a5 18. Qd4 Ra7 1/2-1/2

[Event "31st Bosna it"]
[Site "Sarajevo BIH"]
[Date "2001.05.21"]
[EventDate "2001.05.13"]
[Round "8"]
[Result "1/2-1/2"]
[White "Topalov, Veselin"]
[Black "Georgiev, Kiril"]
[WhiteElo "2707"]
[BlackElo "2676"]
[PlyCount "73"]

1. Nf3 Nf6 2. c4 c6 3. d4 d5 4. Nc3 a6 5. c5 Nbd7 6. Bf4 Nh5 7. e3 g6 8. Bd3 Bg7 9. O-O O-O 10. h3 Nxf4 11. exf4 b6 12. cxb6 Qxb6 13. Na4 Qa7 14. Rc1 Bxd4 15. Bxg6 Bxf2+ 16. Rxf2 hxg6 17. Nd4 Bb7 18. f5 Qb8 19. fxg6 fxg6 20. Qg4 Rxf2 21. Qxg6+ Kh8 22. Qh6+ Kg8 23. Qg6+ Kh8 24. Qh5+ Kg8 25. Qg5+ Kf7 26. Qh5+ Kg8 27. Qg4+ Kf7 28. Kxf2 Qd6 29. Nf5 Qg6 30. Qxg6+ Kxg6 31. g4 Kf6 32. Kg3 a5 33. h4 e6 34. Nd6 Ba6 35. Rxc6 Ne5 36. Rb6 Nd7 37. Rc6 1/2-1/2

[Event "31st Bosna it"]
[Site "Sarajevo BIH"]
[Date "2001.05.22"]
[EventDate "2001.05.13"]
[Round "9"]
[Result "1-0"]
[White "Atalik, Suat"]
[Black "Dizdarevic, Emir"]
[WhiteElo "2537"]
[BlackElo "2501"]
[PlyCount "147"]

1. d4 Nf6 2. c4 d6 3. Nf3 g6 4. Nc3 Bf5 5. d5 Bg7 6. Nd4 Bd7 7. e4 Na6 8. Be2 Nc5 9. Bf3 a5 10. O-O O-O 11. Re1 e5 12. dxe6 Nxe6 13. Be3 Re8 14. Ndb5 Bc6 15. Qd2 Nd7 16. Be2 b6 17. Rad1 Bb7 18. f3 Be5 19. Bf1 Rc8 20. Qf2 Ndc5 21. g3 Bg7 22. Bg2 Nd7 23. h3 g5 24. b3 Kh8 25. Ne2 Rg8 26. Ned4 Nxd4 27. Nxd4 Bxd4 28. Bxd4+ f6 29. h4 gxh4 30. g4 Qe7 31. Qxh4 Ne5 32. Kf2 Rg6 33. Bf1 Rcg8 34. Be2 R8g7 35. Rg1 Nf7 36. Rh1 Kg8 37. Qg3 Ne5 38. Qf4 Bc8 39. Ke1 Be6 40. Kd2 Qe8 41. Kc1 a4 42. Qd2 Nd7 43. Kb2 Bf7 44. Qc3 Qe7 45. Be3 Be6 46. Bh6 Rf7 47. Rdg1 axb3 48. axb3 Nc5 49. Ra1 Qe8 50. Be3 Re7 51. Bd4 Nd7 52. Qd2 Nf8 53. Bd3 Rf7 54. Ra6 Bd7 55. Bc3 Bc6 56. Raa1 Nd7 57. e5 fxe5 58. Bxg6 hxg6 59. Qh6 Rg7 60. Rh3 g5 61. Bd2 Nf8 62. Qh8+ Kf7 63. Qh5+ Rg6 64. Bxg5 b5 65. c5 Ne6 66. Be3 Ng7 67. Qh7 dxc5 68. Rh6 Rxh6 69. Bxh6 Qg8 70. Qxg8+ Kxg8 71. Re1 Bxf3 72. Rxe5 Kh7 73. Bxg7 Kxg7 74. Rxc5 1-0

[Event "31st Bosna it"]
[Site "Sarajevo BIH"]
[Date "2001.05.22"]
[EventDate "2001.05.13"]
[Round "9"]
[Result "1-0"]
[White "Georgiev, Kiril"]
[Black "Kurajica, Bojan"]
[WhiteElo "2676"]
[BlackElo "2567"]
[PlyCount "61"]

1. d4 Nf6 2. c4 e6 3. Nf3 b6 4. g3 Ba6 5. b3 c6 6. Bg2 d5 7. O-O Nbd7 8. Nbd2 c5 9. Bb2 Be7 10. Re1 O-O 11. e4 dxe4 12. Nxe4 Bb7 13. Nfg5 Rb8 14. Qc2 h6 15. Nxf6+ Nxf6 16. Bxb7 Rxb7 17. Nf3 cxd4 18. Rad1 Qc8 19. Bxd4 Rd8 20. Ne5 Nd7 21. Ng4 h5 22. Ne3 Bf6 23. b4 Rc7 24. Qe2 Bxd4 25. Rxd4 Ne5 26. Re4 f6 27. Rxe5 fxe5 28. Qxh5 Rd2 29. Ng4 Rxc4 30. Nh6+ Kh7 31. Nf5+ 1-0

[Event "31st Bosna it"]
[Site "Sarajevo BIH"]
[Date "2001.05.22"]
[EventDate "2001.05.13"]
[Round "9"]
[Result "1/2-1/2"]
[White "Movsesian, Sergei"]
[Black "Kozul, Zdenko"]
[WhiteElo "2661"]
[BlackElo "2595"]
[PlyCount "130"]

1. e4 c5 2. Nf3 d6 3. d4 cxd4 4. Nxd4 Nf6 5. Nc3 Nc6 6. Be3 e6 7. f4 a6 8. Be2 Qc7 9. O-O Be7 10. Qe1 O-O 11. Qg3 d5 12. e5 Nxd4 13. Bxd4 Bc5 14. Rad1 Bxd4+ 15. Rxd4 Nd7 16. Kh1 f6 17. exf6 Nxf6 18. Rdd1 Bd7 19. Bd3 Rf7 20. Qh4 Raf8 21. Rf3 g6 22. Qg5 Bc6 23. Rff1 Nh5 24. f5 exf5 25. Ne2 Ng7 26. Nf4 Qe7 27. Qh6 Ne6 28. Rfe1 Qg5 29. Qxg5 Nxg5 30. c4 d4 31. h4 Ne4 32. Bxe4 fxe4 33. Ne6 Re8 34. Nxd4 Rf2 35. Nxc6 bxc6 36. Re3 Rxb2 37. a3 Rc2 38. Rd4 Kf7 39. h5 gxh5 40. Rdxe4 Rxe4 41. Rxe4 Kf6 42. Kh2 Ra2 43. Rh4 Kg5 44. Re4 Rxa3 45. Re6 a5 46. Rxc6 a4 47. Ra6 h4 48. c5 Kf5 49. c6 Ke6 50. c7+ Kd7 51. Rh6 Rc3 52. Rxh7+ Kc8 53. Rxh4 a3 54. Ra4 Kxc7 55. g4 Kb6 56. g5 Kb5 57. Ra7 Kb4 58. Rb7+ Ka4 59. Ra7+ Kb3 60. Rb7+ Kc2 61. Ra7 Kb2 62. Rb7+ Kc1 63. Ra7 Rc2+ 64. Kh3 a2 65. g6 Kb2 1/2-1/2